000 01193nam a2200337 i 4500
003 EG-GICUC
005 20260502203500.0
008 260502b1909 fr a|||f |||| 000 0 fre d
040 _aEG-GiCUC
_cEG-GiCUC
_dEG-GiCUC
_eRda
_bfre
041 _afre
082 0 4 _221
_a343.661
_bDU . C
092 0 4 _221
099 _aLaw1 10 343.661 PI . C 1909 1011378 C1
100 1 _aDuprat, G.-l.
_eAuteur
245 1 3 _aLa Criminalité Dans L'adolescence :
_bCauses Et Remédes D'un Mail Social Actuel
_cPar G.-l. Duprat.
264 1 _aParis ;
_bFelix Alcan, Editeur,
_c1909.
300 _a260 page ;
_billustration :
_c24 cm.
336 _2rda contenu
_a texte
337 _2rda medias
_aOrdinateur
338 _2 transporteur rda
_a Ressource en ligne
500 _aComprend des index.
500 _aDurvage Swaran Par L'académie Des Sciences Worales Et Politiques (Pris Du Budget, 18).
504 _acomprend des références bibliographiques.
650 1 4 _aDroit pénal
_2qrmak
650 1 4 _aDélinquants juvéniles
650 1 4 _aAdolescence
_xcrime
651 1 _2qrmak
856 4 0 _uhttps://fll.law.cu.edu.eg/fulltext/bks/B10-11378.pdf
905 _a164
942 _2ddc
_cBK
_e21
_n0
999 _c75019
_d75019